Schauspieler Quiz I - Statistiken

Allgemein
  • Dieses Quiz wurde 425 mal gespielt
  • Das Durchschnittsergebnis liegt bei 6 aus 16
Antwortstatistiken
Bildquiz Antwort % Korrekt
Will Smith
92%
Robert Downey Junior
76%
Anne Hathaway
55%
Bruce Lee
55%
Meryl Streep
50%
Jack Nicholson
40%
Helena Bonham Carter
36%
Nicole Kidman
36%
Robert Redford
27%
Jane Fonda
20%
Emma Thompson
18%
Cate Blanchett
16%
Cary Grant
13%
Katherine Hepburn
12%
Kelly Rutherford
4%
Betty White
2%
Keine übereinstimmenden Quizze gefunden
Verteilung der Resultate
Anzahl Personen mit jedem Resultat
Perzentil nach korrekt beantworteten Fragen
Ihre Resultats-Entwicklung
Sie haben dieses Quiz noch nicht gespielt